000 00393nam a22001577a 4500
003 OSt
005 20250301094932.0
007 794 pages
008 250301b |||||||| |||| 00| 0 eng d
040 _c
082 _a670.427
_bGRO
245 _aAutomation Production systems computer integrated manufacturing
_cGroover,M.P
250 _a5
260 _bPearson
_c2024
942 _2ddc
_cBK
_e5
_n0
999 _c36187
_d36187